000 00632nam a2200193 a 4500
001 000043127
005 20201002040646.0
008 140220s1978 sp 000 0 spa d
020 _a8472235823
040 _aDO-SdBNP
_bspa
_cBNPHU
082 _axxx
_bxxx
100 1 _aVicens, Toni
_970676
245 1 0 _aCol-Legi de Filosofía :
_bmaneras de hacer filosofía /
_cToni Vicens ... [et al.].
260 _aBarcelona :
_bTusquets,
_c1978.
300 _a267 p. ;
_c18 cm.
490 1 _aCuadernos Ínfimos
_v82
500 _aIncluye referencias bibliográficas y notas al pie de las páginas
830 0 _aCuadernos Ínfimos ;
_n82
_970677
999 _c42616
_d42616